Scriptores artis metricae (Record no. 165084)
[ view plain ]
| 000 -LEADER | |
|---|---|
| campo de control de longitud fija | 01150nam a22002655i 4500 |
| 001 - NÚMERO DE CONTROL | |
| campo de control | 165084 |
| 003 - IDENTIFICADOR DE NÚMERO DE CONTROL | |
| campo de control | ES-MaACL |
| 005 - FECHA Y HORA DE LA ÚLTIMA TRANSACCIÓN | |
| campo de control | 20230906213050.0 |
| 008 - DATOS DE LONGITUD FIJA--INFORMACIÓN GENERAL | |
| campo de control de longitud fija | 010530s1874 gw |||| | lat d |
| 040 ## - FUENTE DE CATALOGACIÓN | |
| Centro catalogador/agencia de origen | CAM |
| Lengua de catalogación | spa |
| Centro/agencia transcriptor | CAM |
| 245 00 - MENCIÓN DEL TÍTULO | |
| Título | Scriptores artis metricae |
| Resto del título | : Marius Victorinus, Maximus Victorinus, Caesius Bassus, Atilius Fortunatianus / |
| Mención de responsabilidad, etc. | ex recensione Henrici Keilii. |
| 260 ## - PUBLICACIÓN, DISTRIBUCIÓN, ETC. | |
| Lugar de publicación, distribución, etc. | Lipsiae : |
| Nombre del editor, distribuidor, etc. | in aedibus B.G. Teubneri, |
| Fecha de publicación, distribución, etc. | 1874. |
| 300 ## - DESCRIPCIÓN FÍSICA | |
| Extensión | 312 p. ; |
| Dimensiones | 25 cm. |
| 490 1# - MENCIÓN DE SERIE | |
| Mención de serie | Grammatici latini / ex recensione Henrici Keilii ; |
| Designación de volumen o secuencia | 6 |
| 650 04 - PUNTO DE ACCESO ADICIONAL DE MATERIA--TÉRMINO DE MATERIA | |
| Término de materia o nombre geográfico como elemento de entrada | Lengua latina- |
| Subdivisión general | Métrica. |
| 9 (RLIN) | 188550 |
| 650 04 - PUNTO DE ACCESO ADICIONAL DE MATERIA--TÉRMINO DE MATERIA | |
| Término de materia o nombre geográfico como elemento de entrada | Gramáticos latinos. |
| 9 (RLIN) | 136195 |
| 700 11 - ENTRADA AGREGADA--NOMBRE PERSONAL | |
| Nombre de persona | Keilii, Henrici, |
| Término indicativo de función/relación | |
| 9 (RLIN) | 128440 |
| 700 11 - ENTRADA AGREGADA--NOMBRE PERSONAL | |
| Nombre de persona | Teubner, B.G., |
| Término indicativo de función/relación | |
| 9 (RLIN) | 133197 |
| 700 0# - ENTRADA AGREGADA--NOMBRE PERSONAL | |
| Nombre de persona | Atilio Fortunaciano. |
| 9 (RLIN) | 125737 |
| 700 0# - ENTRADA AGREGADA--NOMBRE PERSONAL | |
| Nombre de persona | Cesio Basso. |
| 9 (RLIN) | 126431 |
| 752 ## - ENTRADA AGREGADA--NOMBRE JERÁRQUICO DEL LUGAR | |
| País o entidad superior | Alemania - |
| Ciudad | Leipzig |
| 830 0# - PUNTO DE ACCESO ADICIONAL DE SERIE-TÍTULO UNIFORME | |
| Título uniforme | Grammatici latini / ex recensione Henrici Keilii ; |
| Designación de volumen o secuencia | 6 |
| 9 (RLIN) | 188551 |
| 852 ## - LOCALIZACIÓN | |
| Ubicación | ES-MaACL |
| Número de control de estantería | B-13336 |
| Nota libre | -- Enc. hol. conservando la cub. original |
| condición física | -- Falto de la port. del fasc. 1 del t.VI |
| Encuadernación | -- Edic.: 312 p.; XXVII p., p.[313]-671 -- Cada parte con port. propa |
| Estatus retirado | Estado de pérdida | Estado de daño | No para préstamo | Colección | Biblioteca de origen | Biblioteca actual | Ubicación en estantería | Fecha de adquisición | Fuente de adquisición | Total de préstamos | Signatura topográfica completa | Código de barras | Visto por última vez | Precio de reemplazo | Tipo de ítem Koha |
|---|---|---|---|---|---|---|---|---|---|---|---|---|---|---|---|
| Libros del s. XIX | Biblioteca del Ateneo de Madrid | Biblioteca del Ateneo de Madrid | Sala Pardo Bazán | 17/01/2008 | B-13336 | 1173091 | 23/02/2023 | 23/02/2023 | Libro impreso antiguo |
